Экологически безопасные технологии переработки отходов лесозаготовительных и деревоперерабатывающих производств в строительные материалы; Экология и безопасность в техносфере: современные проблемы и пути решения

Dades bibliogràfiques
Parent link:Экология и безопасность в техносфере: современные проблемы и пути решения.— 2017.— [С. 99-102]
Autor principal: Поздин Б. И.
Altres autors: Середа Т. Г., Костарев С. Н.
Sumari:Заглавие с экрана
В работе подобраны оптимальные условия культивирования микроводоросли Сhlorella corokiniana под влиянием воздействия лазером. Исследована возможность использования микроводоросли Сhlorella corokiniana в качестве биосорбента для извлечения ионов железа (III) из модельных растворов сточных вод.
Optimal conditions for cultivation of Chlorella corokiniana microalgae under the influence of a laser are selected. The possibility of using Chlorella corokiniana microalgae as a biosorbent for extracting iron (III) ions from model wastewater solutions was investigated.
Idioma:rus
Publicat: 2017
Col·lecció:Экологические основы прогрессивных технологий
Matèries:
Accés en línia:http://earchive.tpu.ru/handle/11683/46761
Format: MixedMaterials Electrònic Capítol de llibre
KOHA link:https://koha.lib.tpu.ru/cgi-bin/koha/opac-detail.pl?biblionumber=626251

MARC

LEADER 00000naa2a2200000 4500
001 626251
005 20231101133413.0
035 |a (RuTPU)RU\TPU\conf\25604 
035 |a RU\TPU\conf\25601 
090 |a 626251 
100 |a 20180222d2017 k y0rusy50 ca 
101 0 |a rus  |d eng 
102 |a RU 
105 |a y z 101zy 
135 |a drgn ---uucaa 
181 0 |a i  
182 0 |a b 
200 1 |a Экологически безопасные технологии переработки отходов лесозаготовительных и деревоперерабатывающих производств в строительные материалы  |f Б. И. Поздин, Т. Г. Середа, С. Н. Костарев 
203 |a Текст  |c электронный 
225 1 |a Экологические основы прогрессивных технологий 
230 |a 1 компьютерный файл (pdf; 430 Kb) 
300 |a Заглавие с экрана 
320 |a [Библиогр.: с. 102 (7 назв.)] 
330 |a В работе подобраны оптимальные условия культивирования микроводоросли Сhlorella corokiniana под влиянием воздействия лазером. Исследована возможность использования микроводоросли Сhlorella corokiniana в качестве биосорбента для извлечения ионов железа (III) из модельных растворов сточных вод. 
330 |a Optimal conditions for cultivation of Chlorella corokiniana microalgae under the influence of a laser are selected. The possibility of using Chlorella corokiniana microalgae as a biosorbent for extracting iron (III) ions from model wastewater solutions was investigated. 
463 0 |0 (RuTPU)RU\TPU\conf\25447  |t Экология и безопасность в техносфере: современные проблемы и пути решения  |o сборник трудов Всероссийской научно-практической конференции молодых ученых, аспирантов и студентов, г. Юрга, 23-25 ноября 2017 г.  |f Национальный исследовательский Томский политехнический университет (ТПУ), Юргинский технологический институт (ЮТИ) ; под ред. Д. А. Чинахова [и др.]  |v [С. 99-102]  |d 2017 
610 1 |a электронный ресурс 
610 1 |a безопасные технологии 
610 1 |a переработка 
610 1 |a отходы 
610 1 |a лесозаготовительные работы 
610 1 |a деревопереработка 
610 1 |a строительные материалы 
700 1 |a Поздин  |b Б. И. 
701 1 |a Середа  |b Т. Г. 
701 1 |a Костарев  |b С. Н. 
801 2 |a RU  |b 63413507  |c 20180312  |g RCR 
856 4 |u http://earchive.tpu.ru/handle/11683/46761 
942 |c BK